000 02237 a2200205 4500
020 _a0750699078
020 _a9780750699075
082 0 4 _a658.47
090 _c2729
_d2729
100 1 _aCPP, Charles A. Sennewald.
245 1 0 _aEffective security management, third edition /
_cCharles A. Sennewald CPP.
250 _a3nd ed.
260 _a[S.l.] :
_bButterworth-Heinemann,
_c1998.
300 _a352 p. ;
_c24 cm.
500 _aHardcover.
520 _aThe revision of Effective Security Management retains the excellent qualities which made the original editions a standard of the profession: a readable, comprehensive guide to the organization, staffing, and operation of the security function. Sennewald, a recognized leader in the field, applies modern management strategies to the concerns and problems facing every security manager. The focus of this book is not on abstract theories but rather on practical methods which can be used in managing an effective security department. The third edition is enhanced with the addition of an entire chapter devoted to computer security. This chapter explains many of the distinct applications that the personal computer can have in the administrative, managerial, and supervisorial aspects of the security function. Included are details of the development of microcomputers, their operation, benefits, and risks. Due to the complexity of this emerging technology, a glossary to explain certain technical terms is provided. Charles A. (Chuck) Sennewald is an independent security management consultant and the author of numerous Butterworth-Heinemann titles: The Process of Investigation; Shoplifting; Security Consulting; and Effective Security Management. Mr. Sennewald is the founder and first president of the International Association of Professional Security Consultants and a member of ASIS and ASET. Includes a new chapter on Computer Security ManagementRetains the outstanding organization of the previous editionsRecommended reading for the CPP exam.
856 4 0 _3Amazon.com
_uhttp://www.amazon.com/exec/obidos/ASIN/0750699078/chopaconline-20
856 4 0 _3Amazon customer reviews
_uhttp://www.chopac.org/cgi-bin/tools/azrev.pl?q=0750699078
942 _aNBS
_cBK
_k658.47 SEN
999 _c345220
_d345220